000 00527nam a2200181Ia 4500
005 20250508164224.0
008 008 250505s9999 xx 000 0 eng d
037 _aReference
040 _aFEDL
_beng
_cFEDL
041 _aeng
_2eng
084 _a510, SCE
_qFEDL
245 0 _aMathematics. Part 3
245 0 _cSate Council of Educational Research and Training Delhi
260 _aNew Delhi, India
_bDelhi Bureau of Text Books
_c2004
300 _a251p.
942 _cREF
_h510, SCE
999 _c1387650
_d1387650